Datum a čas kvízu
33
Celkem bodů
Celkový počet nahraných bodů na tomto kvízu bez doplňovacích otázek.
3.
Pořadí na kvízu
Konečné umístění týmu na tomto kvízu.
Zaznamenané odpovědi
| # | Otázka | Odpověď | Body | Výsledky |
|---|---|---|---|---|
| 1. | Hned tři akce naráz přerušilo... | Kateřina Marie Tichá | 1 | |
| 2. | Francouzský europoslanec Rapha... | socha Svobody | 1 | |
| 3. | Minulý týden jsme se dozvěděli... | o akvadukt | 1 | |
| 4. | Česká společnost Snuggs se sta... | menstruační kalhotky | 1 | |
| 5. | Jak se jmenuje vítěz ankety Fo... | Tomáš Souček; West Ham (United) | 0 | |
| 6. | Podíváme se na temné stránky d... | Jan Želivský | 0 | |
| 7. | Doba pobělohorská znamenala zá... | Obnovené zřízení zemské | 1 | |
| 8. | První světová válka znamenala... | Osmanská říše | 1 | |
| 9. | V období tzv. Protektorátu se... | František Fajtl | 0 | |
| 10. | Seřaďte tyto komunistické prez... | 1B 2D 3A 4C | 0 |